000 00722nam a2200253Ia 4500
003 OSt
005 20220924121334.0
006 a|||||r|||| 00| 0
007 ta
008 220923b |||||||| |||| 00| 0 urd d
024 _a322199
037 _cTextual
040 _aARTS
_cARTS
_burd
041 _2urd
_aurd
082 _aR61, 168G2
100 _aIyengar P.T.Srinivasa Au.
_9185372
245 0 _aUsool falsafa-e-hunood
260 _aHyderabad
_bJamia Usmania India
_c1932
300 _a213p.
_ccm.
650 _aHINDU PHILOSOPHY
_937945
700 _a Ahmad Ahsan Tr.
_9185373
942 _hR61, 168G2
_cTEXL
_2CC
999 _c406999
_d406999